Countries of Indian Subcontinent - Statistics

General Stats
  • This quiz has been taken 934 times
  • The average score is 7 of 7
Answer Stats
Country % Correct
Nepal
98%
Bangladesh
97%
Bhutan
97%
India
97%
Pakistan
97%
Sri Lanka
97%
Maldives
79%
No matching quizzes found
Score Distribution
Percent of People with Each Score
Percentile by Number Answered
Your Score History
You have not taken this quiz